Motivational practices in organisations / (Record no. 52523)

MARC details
000 -LEADER
fixed length control field 01139nam a22003137a 4500
005 - DATE AND TIME OF LATEST TRANSACTION
control field 20110523145612.0
008 - FIXED-LENGTH DATA ELEMENTS--GENERAL INFORMATION
fixed length control field 110523t xxu||||| |||| 00| 0 eng d
010 ## - LCCN (DPL NO)
LC control number ENG-102492
020 ## - INTERNATIONAL STANDARD BOOK NUMBER
International Standard Book Number 9788184503289
Terms of availability 1480.00
035 ## - SYSTEM CONTROL NUMBER
System control number EN-86025
037 ## - SOURCE OF ACQUISITION
Source of stock number/acquisition DBAD / PUB
040 ## - CATALOGING SOURCE
Original cataloging agency dpl
Language of cataloging English
082 ## - DEWEY DECIMAL CLASSIFICATION NUMBER
Classification number 658.3140954
100 ## - MAIN ENTRY--PERSONAL NAME
9 (RLIN) 27410
110 ## - MAIN ENTRY--CORPORATE NAME
9 (RLIN) 27425
245 ## - TITLE STATEMENT
Title Motivational practices in organisations /
Statement of responsibility, etc edited by G. Balachandar [and] N. Panchanatham
260 ## - PUBLICATION, DISTRIBUTION, ETC. (IMPRINT)
Place of publication, distribution, etc New Delhi
Name of publisher, distributor, etc Deep & Deep Publications
Date of publication, distribution, etc 2011
270 ## - ADDRESS
Address F-159, Rajouri Garden
City New Delhi
Postal code 110027
Telephone number 25435369,25440916
300 ## - PHYSICAL DESCRIPTION
Extent xv, 356 p.
Dimensions 25cm (Hb)
500 ## - GENERAL NOTE
General note Includes index
650 ## - SUBJECT ADDED ENTRY--TOPICAL TERM
9 (RLIN) 27411
650 ## - SUBJECT ADDED ENTRY--TOPICAL TERM
9 (RLIN) 27412
650 ## - SUBJECT ADDED ENTRY--TOPICAL TERM
9 (RLIN) 27426
700 ## - ADDED ENTRY--PERSONAL NAME
9 (RLIN) 27415
Personal name Balachandar, G.
700 ## - ADDED ENTRY--PERSONAL NAME
Personal name Panchanatham, N.
9 (RLIN) 28222
942 ## - ADDED ENTRY ELEMENTS (KOHA)
Institution code [OBSOLETE] dpl
Item type English Books
Source of classification or shelving scheme Dewey Decimal Classification
Call number suffix MOT
Classification part 658.3140954
Holdings
Withdrawn status Lost status Source of classification or shelving scheme Damaged status Not for loan Collection code Home library Current library Date acquired Source of acquisition Cost, normal purchase price Total Checkouts Full call number Barcode Date last seen Copy number Cost, replacement price Koha item type
    Dewey Decimal Classification   Not For Loan Non-fiction D.B.Act.Division D.B.Act.Division 23/05/2011 DBAD / PUB 1480.00   658.3140954 MOT EN-86025 23/05/2011 1 1480.00 English Books

© Delhi Public Library
Hit Counter
free hit counter